000 00520cam a22002171 4500
001 sa 63000761
003 DLC
005 20260227111923.0
008 890918s1962 ii 000 0 gujo
010 _asa 63000761
035 _a(OCoLC)20361450
040 _aDLC
_cWaU
_dDLC
042 _apremarc
050 0 0 _aDS481.D39
_bG3
100 1 _aGandhi,
_cMahatma,
_d1869-1948.
245 1 0 _aPremapantha.
260 _c[1962]
300 _a102 p.
_c17 cm.
500 _aIn Gujarati.
700 1 _aDesai, Valji Govindji.
999 _c53617
_d53617